<?xml version="1.0" encoding="UTF-8"?>
<record
    xmlns:xsi="http://www.w3.org/2001/XMLSchema-instance"
    xsi:schemaLocation="http://www.loc.gov/MARC21/slim http://www.loc.gov/standards/marcxml/schema/MARC21slim.xsd"
    xmlns="http://www.loc.gov/MARC21/slim">

  <leader>02495nam a22002417a 4500</leader>
  <controlfield tag="003">Uzh_bibl</controlfield>
  <controlfield tag="008">260525b        |||||||| |||| 00| 0 ukr d</controlfield>
  <datafield tag="020" ind1=" " ind2=" ">
    <subfield code="a">978-0-00-733958-7</subfield>
    <subfield code="c">100.00</subfield>
  </datafield>
  <datafield tag="040" ind1=" " ind2=" ">
    <subfield code="b">&#x443;&#x43A;&#x440;.</subfield>
  </datafield>
  <datafield tag="041" ind1=" " ind2=" ">
    <subfield code="2">eng</subfield>
    <subfield code="a">eng</subfield>
  </datafield>
  <datafield tag="080" ind1=" " ind2=" ">
    <subfield code="a">821(410)</subfield>
  </datafield>
  <datafield tag="090" ind1=" " ind2=" ">
    <subfield code="a">821(410)</subfield>
    <subfield code="b">&#x41C; 83</subfield>
  </datafield>
  <datafield tag="100" ind1=" " ind2=" ">
    <subfield code="a"> Morpurgo, Michael </subfield>
  </datafield>
  <datafield tag="245" ind1=" " ind2=" ">
    <subfield code="a"> An Elephant in the Garden</subfield>
    <subfield code="h">Text</subfield>
    <subfield code="c">il.M.Foreman</subfield>
  </datafield>
  <datafield tag="260" ind1=" " ind2=" ">
    <subfield code="a">London</subfield>
    <subfield code="b">HarperCollins Children's Books</subfield>
    <subfield code="c">2010</subfield>
  </datafield>
  <datafield tag="300" ind1=" " ind2=" ">
    <subfield code="a">232 s.</subfield>
  </datafield>
  <datafield tag="520" ind1=" " ind2=" ">
    <subfield code="a">It&#x2019;s 1945, and the bombing of Dresden is imminent. Before the bombs start to fall, Lizzie&#x2019;s zookeeper mother brings home the one animal she can&#x2019;t bear to lose: Marlene, the elephant.

When Lizzie and her family join the thousands of other refugees fleeing the city, they end up with more than one unusual companion . . .&#x417;&#x430;&#x445;&#x43E;&#x43F;&#x43B;&#x438;&#x432;&#x438;&#x439; &#x456; &#x437;&#x432;&#x43E;&#x440;&#x443;&#x448;&#x43B;&#x438;&#x432;&#x438;&#x439; &#x440;&#x43E;&#x43C;&#x430;&#x43D; &#x43F;&#x440;&#x43E; &#x43D;&#x430;&#x434;&#x437;&#x432;&#x438;&#x447;&#x430;&#x439;&#x43D;&#x443; &#x442;&#x432;&#x430;&#x440;&#x438;&#x43D;&#x443;, &#x449;&#x43E; &#x43E;&#x43F;&#x438;&#x43D;&#x438;&#x43B;&#x430;&#x441;&#x44F; &#x443; &#x434;&#x443;&#x436;&#x435; &#x43B;&#x44E;&#x434;&#x441;&#x44C;&#x43A;&#x456;&#x439; &#x432;&#x456;&#x439;&#x43D;&#x456;, &#x434;&#x43B;&#x44F; &#x432;&#x441;&#x456;&#x445;, &#x445;&#x442;&#x43E; &#x43B;&#x44E;&#x431;&#x438;&#x432; &#xAB;&#x414;&#x438;&#x432;&#x43E;&#x432;&#x438;&#x436;&#x43D;&#x443; &#x456;&#x441;&#x442;&#x43E;&#x440;&#x456;&#x44E; &#x410;&#x434;&#x43E;&#x43B;&#x44C;&#x444;&#x443;&#x441;&#x430;&#xBB; &#x447;&#x438; &#xAB;&#x41C;&#x435;&#x442;&#x435;&#x43B;&#x438;&#x43A;&#x430;-&#x43B;&#x435;&#x432;&#x430;&#xBB;! &#x410;&#x432;&#x442;&#x43E;&#x440; &#x2014; &#x43A;&#x43E;&#x43B;&#x438;&#x448;&#x43D;&#x44F; &#x43B;&#x430;&#x443;&#x440;&#x435;&#x430;&#x442;&#x43A;&#x430; &#x434;&#x438;&#x442;&#x44F;&#x447;&#x43E;&#x457; &#x43F;&#x440;&#x435;&#x43C;&#x456;&#x457; &#x442;&#x430; &#x430;&#x432;&#x442;&#x43E;&#x440;&#x43A;&#x430; &#x43A;&#x43D;&#x438;&#x433;&#x438; &#xAB;&#x411;&#x43E;&#x439;&#x43E;&#x432;&#x438;&#x439; &#x43A;&#x456;&#x43D;&#x44C;&#xBB;. &#x414;&#x440;&#x435;&#x437;&#x434;&#x435;&#x43D;, 1945. &#x41C;&#x430;&#x442;&#x438; &#x415;&#x43B;&#x456;&#x437;&#x430;&#x431;&#x435;&#x442; &#x456; &#x41A;&#x430;&#x440;&#x43B;&#x456; &#x43F;&#x440;&#x430;&#x446;&#x44E;&#x454; &#x432; &#x437;&#x43E;&#x43E;&#x43F;&#x430;&#x440;&#x43A;&#x443;, &#x434;&#x435; &#x457;&#x457; &#x443;&#x43B;&#x44E;&#x431;&#x43B;&#x435;&#x43D;&#x43E;&#x44E; &#x442;&#x432;&#x430;&#x440;&#x438;&#x43D;&#x43E;&#x44E; &#x454; &#x43C;&#x43E;&#x43B;&#x43E;&#x434;&#x438;&#x439; &#x441;&#x43B;&#x43E;&#x43D; &#x43D;&#x430; &#x456;&#x43C;'&#x44F; &#x41C;&#x430;&#x440;&#x43B;&#x435;&#x43D;. &#x422;&#x43E;&#x434;&#x456; &#x434;&#x438;&#x440;&#x435;&#x43A;&#x442;&#x43E;&#x440; &#x437;&#x43E;&#x43E;&#x43F;&#x430;&#x440;&#x43A;&#x443; &#x43A;&#x430;&#x436;&#x435; &#x457;&#x439;, &#x449;&#x43E; &#x43D;&#x435;&#x431;&#x435;&#x437;&#x43F;&#x435;&#x447;&#x43D;&#x438;&#x445; &#x442;&#x432;&#x430;&#x440;&#x438;&#x43D; &#x2014; &#x432;&#x43A;&#x43B;&#x44E;&#x447;&#x43D;&#x43E; &#x437;&#x456; &#x441;&#x43B;&#x43E;&#x43D;&#x430;&#x43C;&#x438; &#x2014; &#x43F;&#x43E;&#x442;&#x440;&#x456;&#x431;&#x43D;&#x43E; &#x440;&#x43E;&#x437;&#x441;&#x442;&#x440;&#x456;&#x43B;&#x44F;&#x442;&#x438; &#x434;&#x43E; &#x442;&#x43E;&#x433;&#x43E;, &#x44F;&#x43A; &#x43C;&#x456;&#x441;&#x442;&#x43E; &#x43F;&#x456;&#x434;&#x456;&#x440;&#x432;&#x435;&#x442;&#x44C;&#x441;&#x44F;. &#x41D;&#x435; &#x432; &#x437;&#x43C;&#x43E;&#x437;&#x456; &#x432;&#x456;&#x434;&#x434;&#x430;&#x442;&#x438; &#x41C;&#x430;&#x440;&#x43B;&#x435;&#x43D;, &#x457;&#x445;&#x43D;&#x44F; &#x43C;&#x430;&#x442;&#x438; &#x43F;&#x435;&#x440;&#x435;&#x43D;&#x43E;&#x441;&#x438;&#x442;&#x44C; &#x457;&#x457; &#x432; &#x437;&#x430;&#x434;&#x43D;&#x456;&#x439; &#x441;&#x430;&#x434;, &#x449;&#x43E;&#x431; &#x432;&#x440;&#x44F;&#x442;&#x443;&#x432;&#x430;&#x442;&#x438;! &#x406; &#x442;&#x43E;&#x434;&#x456; &#x43F;&#x43E;&#x447;&#x438;&#x43D;&#x430;&#x44E;&#x442;&#x44C; &#x43F;&#x430;&#x434;&#x430;&#x442;&#x438; &#x431;&#x43E;&#x43C;&#x431;&#x438;. &#x407;&#x445;&#x43D;&#x456;&#x439; &#x434;&#x456;&#x43C; &#x437;&#x440;&#x443;&#x439;&#x43D;&#x43E;&#x432;&#x430;&#x43D;&#x438;&#x439;, &#x456; &#x432;&#x441;&#x44F; &#x441;&#x456;&#x43C;'&#x44F; &#x437;&#x43C;&#x443;&#x448;&#x435;&#x43D;&#x430; &#x442;&#x456;&#x43A;&#x430;&#x442;&#x438; &#x437; &#x440;&#x43E;&#x437;&#x431;&#x43E;&#x43C;&#x431;&#x43B;&#x435;&#x43D;&#x43E;&#x433;&#x43E; &#x43C;&#x456;&#x441;&#x442;&#x430; &#x447;&#x435;&#x440;&#x435;&#x437; &#x43D;&#x435;&#x431;&#x435;&#x437;&#x43F;&#x435;&#x447;&#x43D;&#x438;&#x439;, &#x437;&#x430;&#x441;&#x43D;&#x456;&#x436;&#x435;&#x43D;&#x438;&#x439; &#x43B;&#x430;&#x43D;&#x434;&#x448;&#x430;&#x444;&#x442;, &#x443;&#x43D;&#x438;&#x43A;&#x430;&#x44E;&#x447;&#x438; &#x440;&#x43E;&#x441;&#x456;&#x439;&#x441;&#x44C;&#x43A;&#x438;&#x445; &#x432;&#x456;&#x439;&#x441;&#x44C;&#x43A;, &#x44F;&#x43A;&#x456; &#x43D;&#x430;&#x431;&#x43B;&#x438;&#x436;&#x430;&#x44E;&#x442;&#x44C;&#x441;&#x44F; &#x432;&#x441;&#x435; &#x431;&#x43B;&#x438;&#x436;&#x447;&#x435;. &#x426;&#x435; &#x431;&#x443;&#x43B;&#x43E; &#x431; &#x456; &#x442;&#x430;&#x43A; &#x432;&#x430;&#x436;&#x43A;&#x43E; &#x437;&#x440;&#x43E;&#x431;&#x438;&#x442;&#x438; &#x431;&#x435;&#x437; &#x441;&#x43B;&#x43E;&#x43D;&#x430; &#x43D;&#x430; &#x440;&#x443;&#x43A;&#x430;&#x445;!</subfield>
  </datafield>
  <datafield tag="521" ind1=" " ind2=" ">
    <subfield code="a">&#x414;&#x43B;&#x44F; &#x43F;&#x456;&#x434;&#x43B;&#x456;&#x442;&#x43A;&#x456;&#x432;</subfield>
  </datafield>
  <datafield tag="525" ind1=" " ind2=" ">
    <subfield code="a">&#x414;&#x43B;&#x44F; &#x441;&#x442;&#x430;&#x440;&#x448;&#x43E;&#x433;&#x43E; &#x448;&#x43A;&#x456;&#x43B;&#x44C;&#x43D;&#x43E;&#x433;&#x43E; &#x432;&#x456;&#x43A;&#x443;</subfield>
  </datafield>
  <datafield tag="546" ind1=" " ind2=" ">
    <subfield code="a">&#x443;&#x43A;&#x440;.</subfield>
  </datafield>
  <datafield tag="650" ind1=" " ind2=" ">
    <subfield code="a">&#x41B;&#x456;&#x442;&#x435;&#x440;&#x430;&#x442;&#x443;&#x440;&#x43D;&#x43E;-&#x445;&#x443;&#x434;&#x43E;&#x436;&#x43D;&#x435; &#x432;&#x438;&#x434;&#x430;&#x43D;&#x43D;&#x44F;</subfield>
  </datafield>
  <datafield tag="942" ind1=" " ind2=" ">
    <subfield code="2">udc</subfield>
    <subfield code="c">BK</subfield>
  </datafield>
  <datafield tag="999" ind1=" " ind2=" ">
    <subfield code="c">17964</subfield>
    <subfield code="d">17964</subfield>
  </datafield>
  <datafield tag="952" ind1=" " ind2=" ">
    <subfield code="0">0</subfield>
    <subfield code="1">0</subfield>
    <subfield code="2">udc</subfield>
    <subfield code="4">0</subfield>
    <subfield code="7">0</subfield>
    <subfield code="a">MBdD</subfield>
    <subfield code="b">MBdD</subfield>
    <subfield code="d">2026-04-23</subfield>
    <subfield code="e">&#x41F;&#x43E;&#x434;&#x430;&#x440;&#x43E;&#x432;&#x430;&#x43D;&#x456;</subfield>
    <subfield code="i">80870</subfield>
    <subfield code="l">0</subfield>
    <subfield code="o">821(410)</subfield>
    <subfield code="p">19437</subfield>
    <subfield code="r">2026-05-26</subfield>
    <subfield code="w">2026-05-26</subfield>
    <subfield code="y">BK</subfield>
  </datafield>
</record>
